Селекция пшеницы на качество зерна. ... за 1985-1988 гг., отеч., иностр. (Запись № 6574384)

Подробности
000 -МАРКЕР
контрольное поле 01420nam2a22002651 4500
001 - ИДЕНТИФИКАТОР ЗАПИСИ
контрольное поле rc\311126
005 - ИДЕНТИФИКАТОР ВЕРСИИ
контрольное поле 20250621064044.0
035 ## - ДРУГИЕ СИСТЕМНЫЕ НОМЕРА
Идентификатор записи (NLR Aleph) 005630883
100 ## - ДАННЫЕ ОБЩЕЙ ОБРАБОТКИ
Данные общей обработки 20030307d1990 |||y0rusy50 ca
101 0# - ЯЗЫК РЕСУРСА
Язык текста, звукозаписи и т.д. русский
102 ## - СТРАНА ПУБЛИКАЦИИ ИЛИ ПРОИЗВОДСТВА
Страна публикации Российская Федерация
105 ## - ПОЛЕ КОДИРОВАННЫХ ДАННЫХ: ТЕКСТОВЫЕ МАТЕРИАЛЫ, МОНОГРАФИЧЕСКИЕ
Кодированные данные о монографическом текстовом документе y |||||||||
200 0# - ЗАГЛАВИЕ И СВЕДЕНИЯ ОБ ОТВЕТСТВЕННОСТИ
Основное заглавие ... за 1985-1988 гг., отеч., иностр.
Первые сведения об ответственности Составитель А.В. Третинникова
Последующие сведения об ответственности Редактор И.Г. Палилова
210 ## - ПУБЛИКАЦИЯ, РАСПРОСТРАНЕНИЕ И ДР.
Дата издания, распространения и т.д. 1990
Место издания, распространения и т.д. Б. м.
215 ## - ФИЗИЧЕСКАЯ ХАРАКТЕРИСТИКА
Специфическое обозначение материала и объем 108, [1] с.
461 #0 - УРОВЕНЬ НАБОРА
Встроенное поле 001rc\311125
-- 2001#$aСелекция пшеницы на качество зерна$eУказ. лит....$fВАСХНИЛ. ВНИИТЭИагропром, Центр. науч. с.-х. б-ка ВАСХНИЛ$v... за 1985-1988 гг., отеч., иностр.
Системный номер (АБИС) связанной записи 6574376
Место публикации М.
Дата публикации 1990
Первые сведения об ответственности ВАСХНИЛ. ВНИИТЭИагропром, Центр. науч. с.-х. б-ка ВАСХНИЛ
Имя издателя, распространителя и т.д. ЦНСХБ
Сведения, относящиеся к заглавию Указ. лит....
Заглавие Селекция пшеницы на качество зерна
Номер тома ... за 1985-1988 гг., отеч., иностр.
702 #1 - ИМЯ ЛИЦА - ВТОРИЧНАЯ ОТВЕТСТВЕННОСТЬ
Начальный элемент ввода Третинникова
Часть имени, кроме начального элемента ввода А.В.
Код отношения Составитель
702 #1 - ИМЯ ЛИЦА - ВТОРИЧНАЯ ОТВЕТСТВЕННОСТЬ
Код отношения Редактор
Графика поля Кириллица
Материалы, к которым относится поле rus
Начальный элемент ввода Палилова
Часть имени, кроме начального элемента ввода И. Г.
Дополнения к именам, кроме дат библиограф
Даты 1928-2010
Расширение инициалов личного имени Ирина Геннадиевна
Системный номер авторитетной/нормативной записи 225367
Идентификатор авторитетной/нормативной записи RU\NLR\AUTH\770225423
801 #0 - ИСТОЧНИК ЗАПИСИ
Страна Российская Федерация
Организация NLR
Правила каталогизации psbo
801 #1 - ИСТОЧНИК ЗАПИСИ
Страна Российская Федерация
Организация ELAR
Источник данных rusmarc
852 ## - МЕСТОНАХОЖДЕНИЕ И ШИФР ХРАНЕНИЯ
Идентификатор организации NLR
Наименование фонда или коллекции (Sub-Location Identifier) С
Шифр хранения (Call Number) К-1/5242
942 ## - ДОПОЛНИТЕЛЬНЫЕ ЭЛЕМЕНТЫ ЗАПИСИ (АБИС)
Тип экземпляра АБИС Книга
980 ## - КОЛЛЕКЦИЯ
Название коллекции Национальная библиография
Экземпляры
Тип экземпляра Дата поступления Библиотека постоянного хранения Библиотека текущего хранения Место хранения Шифр хранения Штрих-код Статус экземпляра Источник поступления Стоимость
Книга 26.10.2013 РНБ (Московский) РНБ (Московский) Центральная справочная библиотека С К-1/5242 1-3572667      
Книга 27.09.2021 РНБ (Московский) РНБ (Московский) Центральная справочная библиотека С К-1/5242 1-3572668   Обязательный экземпляр 0.00